| 000 | 00945nac a22002897a 4500 | ||
|---|---|---|---|
| 001 | BR8304726 | ||
| 003 | BR-BrBNA | ||
| 005 | 20240105115829.0 | ||
| 008 | 230509b bl.|||m| |||| 00| 0 por d | ||
| 040 |
_aBR-BrBNA _bpor _cBiblioteca Nacional de Agricultura |
||
| 072 | _aK10; F70 | ||
| 090 | _a3290 BR8304726 | ||
| 100 | 1 | _aRosa, H.M.M. da | |
| 110 | 1 |
_aInstituto de Pesquisas de Recursos Naturais Renovaveis "Ataliba Paz", Porto Alegre, RS (Brasil) _96156 |
|
| 245 | 1 | _aContribuicao ao estudo do guapuruvu. Schizolobium paravea (Vell.)Blake | |
| 260 | 3 |
_aPorto Alegre, RS (Brasil): _c1983. |
|
| 300 | _a21 p. | ||
| 490 |
_aPublicacao IPRNR (Brazil) _vno. 11 _xISSN 0101-7667 |
||
| 500 | _a4 tables; 5 illus.; 11 ref. | ||
| 650 | _aPRODUCAO FLORESTAL | ||
| 650 | _aTAXONOMIA VEGETAL | ||
| 650 | _aGUAPURUVU | ||
| 650 | _aMADEIRA | ||
| 650 | _aPAPEL | ||
| 909 |
_a202312 _bLúcia Elande _c55 _dLúcia Elande |
||
| 942 |
_2AGRIS _n0 _cMS |
||
| 999 |
_c276607 _d276607 |
||